000
00290nam a2200109Ia 4500
008
220204s9999 xx 000 0 und d
082
_a
301
_b
THA
100
_a
Thapar, Romesh
245
0
_a
Waste and the want: Thoughts on the future
260
_a
New Delhi
_b
Orient Longman
_c
1978
942
_c
BK
999
_c
28075
_d
28075